| 000 | 00650nam a2200265Ia 4500 | ||
|---|---|---|---|
| 008 | 171025s9999 xx 000 0 und d | ||
| 020 | _a9780061934681 | ||
| 050 | _a920 | ||
| 050 | _bM827 2009 | ||
| 100 | _aMorais, Fernando | ||
| 245 | _aPaulo Coelho : | ||
| 245 | _ba warrior's life / | ||
| 245 | _cby Fernando Morais. | ||
| 260 | _aNew York : | ||
| 260 | _bHarper One, | ||
| 260 | _c2009 | ||
| 300 | _a457 pages : | ||
| 300 | _billustrations ; | ||
| 300 | _c22cm. | ||
| 650 | _aAuthors, Brazilian -- | ||
| 650 | _aAuthors, Brazilian. | ||
| 650 | _aCoelho, Paulo. | ||
| 650 | _x20th century -- Biography. | ||
| 700 | _aTitle. | ||
| 999 |
_c344789 _d344789 |
||